00325nam a2200121Ia 4500008004100000041000800041082001500049100002100064245004500085260003000130300003200160365001100192240624s9999 xx 000 0 und d aeng a005.74 HAR aHARRINGTON JAN L aRELATIONAL DATABASE DESIGN CLEARLY EXPLA c2001aNew DelhibElsevier axiii, : 286 : p. : cm. ; 24 cRSb25